Bundesliga Meistertrainer - Sudden Death - Statistiken

Allgemein
  • Dieses Quiz wurde 1.213 mal gespielt
  • Das Durchschnittsergebnis liegt bei 10 aus 16
Answers on the Grid
Answers color-coded by a green-red scale on the quiz's grid according to % correct below.
Armin Veh
Bruno Labbadia
Carlo Ancelotti
Dieter Hecking
Ewald Lienen
Felix Magath
Hans Meyer
Hansi Flick
Herman Gerland
Julian Nagelsmann
Jupp Heynckes
Jürgen Klinsmann
Jürgen Klopp
Klaus Augenthaler
Klaus Toppmöller
Louis van Gaal
Lucien Favre
Marcel Koller
Marco Rose
Mathias Sammer
Niko Kovac
Ottmar Hitzfeld
Otto Rehhagel
Pep Guardiola
Peter Neururer
Ralf Rangnick
Thomas Schaaf
Thomas Tuchel
Volker Finke
Xabi Alonso
 
Antwortstatistiken
Antwort % Korrekt
Carlo Ancelotti
80%
Hansi Flick
78%
Jupp Heynckes
76%
Jürgen Klopp
75%
Julian Nagelsmann
73%
Felix Magath
71%
Xabi Alonso
70%
Pep Guardiola
69%
Louis van Gaal
63%
Armin Veh
58%
Niko Kovac
58%
Ottmar Hitzfeld
58%
Thomas Tuchel
58%
Otto Rehhagel
54%
Thomas Schaaf
47%
Mathias Sammer
33%
Keine übereinstimmenden Quizze gefunden
Verteilung der Resultate
Anzahl Personen mit jedem Resultat
Perzentil nach korrekt beantworteten Fragen
Ihre Resultats-Entwicklung
Sie haben dieses Quiz noch nicht gespielt